| 000 -LEADER |
| fixed length control field |
00399cam a22001217a 4500 |
| 008 - FIXED-LENGTH DATA ELEMENTS--GENERAL INFORMATION |
| fixed length control field |
180718b1973 xxu||||| |||| 00| 0 eng d |
| 082 ## - DEWEY DECIMAL CLASSIFICATION NUMBER |
| Classification number |
A99 G151 Iy9 |
| 100 ## - MAIN ENTRY--PERSONAL NAME |
| Personal name |
Iyer, Raghavan N. |
| 245 ## - TITLE STATEMENT |
| Title |
Moral and political thought of Mahatma Gandhi |
| Statement of responsibility, etc. |
by Raghavan N. Iyer |
| 260 ## - PUBLICATION, DISTRIBUTION, ETC. |
| Place of publication, distribution, etc. |
Bombay |
| Name of publisher, distributor, etc. |
Oxford University |
| Date of publication, distribution, etc. |
1973 |
| 300 ## - PHYSICAL DESCRIPTION |
| Extent |
449p. |
| 650 ## - SUBJECT ADDED ENTRY--TOPICAL TERM |
| Topical term or geographic name entry element |
Gandhi, Mahatma, 1869-1948. Political ethics.Nonviolence. |